| 000 | 01437nam0a2200337 4500 | ||
|---|---|---|---|
| 001 | RU\NLR\bibl\525801 | ||
| 005 | 20250609150008.0 | ||
| 010 |
_a5-86587-285-0 _91000 |
||
| 021 |
_aRU _b2004-25710 _91297 |
||
| 035 | _a(NLR Aleph) 000518176 | ||
| 090 |
_a1276206 _c1276206 |
||
| 100 | _a20040601d2004 |||y0rusy50 ca | ||
| 101 | 0 | _arus | |
| 102 | _aRU | ||
| 105 | _aa ||||||||| | ||
| 200 | 1 |
_aНаучные основы автоматизированных систем с речевым управлением _eЯ.Ю. Изилов _fМ-во образования Рос. Федерации, Сев.-Зап. гос. заоч. техн. ун-т |
|
| 210 |
_aСПб. _cСЗТУ _d2004 |
||
| 215 |
_a175 с. _cил. _d21 |
||
| 313 | _aраспознавание речевых сигналов | ||
| 320 | _aБиблиогр.: с. 153-170 (207 назв.) | ||
| 320 | _aПредм. указ.: с. 172-175 | ||
| 606 | 0 |
_aРечевые сигналы _xРаспознавание автоматическое _91605867 _3RU\NLR\auth\661005570 |
|
| 606 | 0 |
_aРаспознавание речевых сигналов автоматическое _92312814 _3RU\NLR\auth\661384107 |
|
| 686 | _aЗ87-013.1 | ||
| 700 | 1 |
_aИзилов _bЯ. Ю. _gЯков Юноевич _4070 |
|
| 801 | 0 |
_aRU _bNLR _c20040601 _gPSBO |
|
| 801 | 1 |
_aRU _bNLR _c20040601 |
|
| 830 | _aАвт. по кн. | ||
| 942 | _cBOOK | ||
| 980 | _aNB | ||